[Event "Alberta op"]
[Site "Calgary"]
[Date "2002.10.19"]
[Round "5"]
[White "Miller, Mitch"]
[Black "Pradhan, Sarah"]
[Result "1-0"]
[WhiteElo "1507"]
[BlackElo "885"]
[PlyCount "91"]
[EventDate "2002.10.15"]
[EventType "swiss"]
[EventRounds "6"]
[EventCountry "CAN"]
[SourceTitle "EXT 2007"]
[Source "ChessBase"]
[SourceDate "2006.11.23"]
[SourceVersion "1"]
[SourceVersionDate "2006.11.23"]
[SourceQuality "1"]

1. e4 e5 2. Nf3 Nc6 3. Bc4 Nf6 4. Nc3 d6 5. Ng5 Qe7 6. Bxf7+ Kd8 7. Bb3 h5 8. h3 b6 9. Nf7+ Ke8 10. Nxh8 Nb4 11. a3 Na6 12. d3 Nc5 13. Ba2 c6 14. 0-0 b5 15. Bg5 Na4 16. Nxa4 bxa4 17. c4 Be6 18. Qxa4 Rc8 19. Ng6 Qb7 20. b4 Bd7 21. Rab1 c5 22. Qd1 cxb4 23. Rxb4 Qa6 24. Qb3 Nh7 25. Be3 d5 26. Nxf8 Kxf8 27. cxd5 Qd6 28. f3 a5 29. Rc4 Rxc4 30. dxc4 a4 31. Qb7 Ke8 32. Qb4 Ke7 33. Qxd6+ Kxd6 34. c5+ Kc7 35. c6 Kd6 36. cxd7 Kxd7 37. f4 Nf6 38. fxe5 Nxe4 39. Rf7+ Ke8 40. Rxg7 Nc3 41. Bc4 Nd1 42. Bc5 Nb2 43. Bb5+ Kd8 44. Bb6+ Kc8 45. Ba6+ Kb8 46. Rg8# 1-0

[Event "Alberta op"]
[Site "Calgary"]
[Date "2002.10.17"]
[Round "3"]
[White "Dean, Tim"]
[Black "Miller, Mitch"]
[Result "1-0"]
[WhiteElo "1868"]
[BlackElo "1507"]
[PlyCount "121"]
[EventDate "2002.10.15"]
[EventType "swiss"]
[EventRounds "6"]
[EventCountry "CAN"]
[SourceTitle "EXT 2007"]
[Source "ChessBase"]
[SourceDate "2006.11.23"]
[SourceVersion "1"]
[SourceVersionDate "2006.11.23"]
[SourceQuality "1"]

1. e4 e5 2. Nf3 Nc6 3. Bc4 Bc5 4. c3 Nf6 5. d4 exd4 6. cxd4 Bb4+ 7. Nc3 Nxe4 8. 0-0 Bxc3 9. bxc3 d5 10. Re1 0-0 11. Bd3 Bg4 12. Bxe4 dxe4 13. Rxe4 f5 14. Re1 Re8 15. Rxe8+ Qxe8 16. Bd2 Rd8 17. Qb3+ Kh8 18. Ng5 Bh5 19. Re1 Qg8 20. Ne6 Re8 21. d5 Na5 22. Qb5 b6 23. Nxc7 Rxe1+ 24. Bxe1 h6 25. c4 Nb7 26. Qd7 Qf7 27. Qc8+ Kh7 28. Qxb7 Qe7 29. Bc3 Qa3 30. h3 Qxc3 31. Ne6 Kg6 32. Nf4+ Kg5 33. Nxh5 Kxh5 34. Qc7 g6 35. Qf4 g5 36. Qf3+ Qxf3 37. gxf3 Kg6 38. a4 Kf7 39. Kg2 a5 40. Kg3 f4+ 41. Kg4 Kg6 42. h4 Kf6 43. hxg5+ hxg5 44. Kh5 Kf5 45. d6 Ke6 46. Kxg5 Kxd6 47. Kxf4 Kc5 48. Ke4 Kxc4 49. f4 b5 50. axb5 Kxb5 51. f5 a4 52. f6 a3 53. f7 a2 54. f8Q a1Q 55. Qb8+ Kc4 56. Qc7+ Kb3 57. Qb6+ Kc4 58. Qe6+ Kb4 59. Qd6+ Kc4 60. Qd5+ Kb4 61. Qd4+ 1-0